000 00321nam a2200133Ia 4500
008 191201s2018 xx 000 0 und d
082 _a005.133
_bFAP
100 _aFARRELL,Joyce
245 0 _aProgramming Logic and Design
260 _bCengage Learning
_c2018
300 _a666
650 _aB.Tech(CSE)
942 _2ddc
_cBK
999 _c7018
_d7018